kku e-library facility

An Introduction to Metric Spaces and Fixed Point Theory (Record no. 202)

MARC details
000 -LEADER
fixed length control field 00420nam a2200133 4500
005 - DATE AND TIME OF LATEST TRANSACTION
control field 20260327094219.0
008 - FIXED-LENGTH DATA ELEMENTS--GENERAL INFORMATION
fixed length control field 260327b |||||||| |||| 00| 0 eng d
020 ## - INTERNATIONAL STANDARD BOOK NUMBER
International Standard Book Number 978-93-90780-58-7
100 ## - MAIN ENTRY--PERSONAL NAME
Personal name Pandey Rakesh Kumar
245 ## - TITLE STATEMENT
Title An Introduction to Metric Spaces and Fixed Point Theory
Statement of responsibility, etc. /Rakesh Kumar Pandey
260 ## - PUBLICATION, DISTRIBUTION, ETC.
Place of publication, distribution, etc. New Delhi;
Name of publisher, distributor, etc. Random Publications LLP;
Date of publication, distribution, etc. 2022
300 ## - PHYSICAL DESCRIPTION
Extent viii,337p.ill;
Dimensions 24cm
942 ## - ADDED ENTRY ELEMENTS (KOHA)
Source of classification or shelving scheme Library of Congress Classification
Suppress in OPAC No
Koha item type Books

No items available.

©2025 All rights reserved. KKU